| 000 | 00847nam a2200301 a 4500 | ||
|---|---|---|---|
| 003 | AR-BaBNM | ||
| 005 | 20251128202952.0 | ||
| 008 | 082120s2002 ||||||||||||||000 | spa|| | ||
| 020 | _a950-000-016-4 | ||
| 040 | _cAR-BaBNM | ||
| 100 | 1 | _aMager, Robert F. | |
| 245 | 0 | 0 | _aMedición del intento educativo |
| 250 | _a2ª ed. | ||
| 260 |
_aBuenos Aires _bGuadalupe _c1982 |
||
| 300 |
_a181 p. _bdiagr. |
||
| 490 | 0 | _aBiblioteca pedagógica. Problemática de la educación | |
| 650 | 4 | _aMEDICION | |
| 650 | 4 | _aMETODOS DE EVALUACION | |
| 650 | 4 | _aINSTRUMENTOS DE MEDICION | |
| 650 | 4 | _aEVALUACION DEL ALUMNO | |
| 650 | 4 | _aOBJETIVOS DE LA MEDICION | |
| 650 | 4 | _aPRUEBAS DE RENDIMIENTO | |
| 650 | 4 | _aPRUEBAS ESCOLARES | |
| 700 | 1 |
_aParis, Elisa _etraductor |
|
| 700 | 1 |
_aAlcalde, Ramón _esupervisión |
|
| 942 | _cBK | ||
| 998 | _cSILVI | ||
| 999 |
_c1312 _d1312 |
||